Safety culture among subcontractors in the domestic housing construction industry (Record no. 82591)

MARC details
000 -LEADER
fixed length control field 00720cab a22001935a 4500
001 - CONTROL NUMBER
control field L150653
008 - FIXED-LENGTH DATA ELEMENTS--GENERAL INFORMATION
fixed length control field 100809s2010 xxk 000 0 eng d
035 ## - SYSTEM CONTROL NUMBER
System control number (Sirsi) u150653
041 0# - LANGUAGE CODE
Language code of text/sound track or separate title eng
100 1# - MAIN ENTRY--PERSONAL NAME
Personal name Wadick, Phil
245 00 - TITLE STATEMENT
Title Safety culture among subcontractors in the domestic housing construction industry
Medium [electronic resource]
260 ## - PUBLICATION, DISTRIBUTION, ETC.
Date of publication, distribution, etc. 2010
490 ## - SERIES STATEMENT
Series statement Structural Survey
Volume/sequential designation 28(2) 2010, 108-120(13)
520 ## - SUMMARY, ETC.
Summary, etc. Investigates the occupational health and safety attitudes of subcontractors in the domestic building industry in New South Wales, Australia.
590 ## - LOCAL NOTE (RLIN)
Local note KA
651 #4 - SUBJECT ADDED ENTRY--GEOGRAPHIC NAME
Geographic name Australia
690 ## - LOCAL SUBJECT ADDED ENTRY--TOPICAL TERM (OCLC, RLIN)
Topical term or geographic name as entry element PROPERTY-RESIDENTIAL PROPERTY-DOMESTIC RESIDENTIAL PROPERTY-HOUSING
942 ## - ADDED ENTRY ELEMENTS (KOHA)
Suppress in OPAC 0
Source of classification or shelving scheme Dewey Decimal Classification
Holdings
Withdrawn status Lost status Source of classification or shelving scheme Damaged status Not for loan Home library Current library Shelving location Date acquired Total Checkouts Full call number Barcode Date last seen Copy number Price effective from Koha item type
    Dewey Decimal Classification     London London Books 09/08/2010   L150653 150653-1001 06/08/2019 1 06/08/2019 Book